Winners of the Takarazuka Kinen - Statistics

General Stats
  • This quiz has been taken 3 times
  • The average score is 19 of 42
Answer Stats
Year Winning Horse % Correct
2009 Dream Journey
100%
2023 Equinox
100%
2013 Gold Ship
100%
2014 Gold Ship
100%
1999 Grass Wonder
100%
2001 Meisho Doto
100%
2025 Meisho Tabaru
100%
1993 Mejiro McQueen
100%
2010 Nakayama Festa
100%
2012 Orfevre
100%
2005 Sweep Tosho
100%
2000 T. M. Opera O
100%
2020 Chrono Genesis
67%
2021 Chrono Genesis
67%
2006 Deep Impact
67%
1989 Inari One
67%
1998 Silence Suzuka
67%
1988 Tamamo Cross
67%
1994 Biwa Hayahide
33%
2008 Eishin Deputy
33%
2003 Hishi Miracle
33%
1984 Katsuragi Ace
33%
1992 Mejiro Palmer
33%
1991 Mejiro Ryan
33%
2017 Satono Diamond
33%
2004 Tap Dance City
33%
2007 Admire Moon
0%
2024 Blow the Horn
0%
2002 Dantsu Flame
0%
1995 Dantsu Seattle
0%
2011 Earnestly
0%
2015 Lovely Day
0%
2019 Lys Gracieux
0%
2016 Marialite
0%
1997 Marvelous Sunday
0%
1996 Mayano Top Gun
0%
2018 Mikki Rocket
0%
1990 Osaichi George
0%
1986 Persian Boy
0%
1985 Suzuka Koban
0%
1987 Suzu Parade
0%
2022 Titleholder
0%
No matching quizzes found
Score Distribution
Percent of People with Each Score
Percentile by Number Answered
Your Score History
You have not taken this quiz